000 00643nam a2200193Ia 4500
003 GCL
008 140319s9999 xx 000 0 ara d
040 _aGCL /
_cGCL
082 0 4 _a210.3
_bع م
100 1 _aعبدالحكيم العفيفى
245 1 0 _aموسوعة 1000 حدث اسلامى /
_cعبدالحكيم العفيفى
260 _aالقاهرة :
_bمكتبة الدار العربية للكتاب ،
_c1996
300 _a526 ص ؛
_c24 سم
650 0 4 _aالاسلام
650 0 4 _aالموسوعات
650 0 4 _aالحضارة الاسلامية
650 0 4 _aالاسلام - موسوعات
942 _2ddc
_cBK
999 _c52002
_d52002